| 000 | 00592nam a22001937a 4500 | ||
|---|---|---|---|
| 003 | OSt | ||
| 005 | 20240723084746.0 | ||
| 008 | 240723b |||||||| |||| 00| 0 eng d | ||
| 020 | _a978-981-4510-27-01 | ||
| 040 |
_aDWC- Main Lib _cOC |
||
| 082 | _aFil. 624.1513 D229f 2013 | ||
| 245 | _aFundamentals of geotechnical engineering | ||
| 250 | _aPhilippine edition | ||
| 260 |
_aSingapore : _bCengage learning , _cc2013. |
||
| 300 |
_axv , 630 pages : _billustrations ; _c23cm. |
||
| 504 | _aIncludes index. | ||
| 650 | _a1. Soil mechanics problems, exercises etc. | ||
| 942 |
_2ddc _cBK - FIL _n1 |
||
| 999 |
_c2622 _d2622 |
||